Utilisateurs de vent/d'air de fiction - Statistiques

Statistiques générales
  • Ce quiz a été pris 9 fois
  • Le résultat moyen est 7 sur 21
Statistiques - réponses
Par images Réponse % Correct
Tornade
78%
Tornade
78%
Aang
67%
Temari
67%
Wendy Marvel
67%
Sanemi Shinazugawa
56%
Boréas
44%
Nausicaa
44%
Yuno Grinberryall
44%
Nathan Swift
33%
Revali
33%
Howzer
22%
Kyoya Tategami
22%
Hay-Lin
11%
Yoarashi Inasa
11%
Jin
0%
Kagura
0%
Kazemon
0%
Mimi
0%
Momo Nishimiya
0%
Wamuu
0%
Aucun quiz correspondant
Distribution des résultats
% des personnes avec chaque résultat
Percentile par nombre de réponses
Votre historique - résultats
Vous n’avez pas pris ce quiz